Historia de Chile: Historia militar 1520, 1883
Saved in:
| Hovedforfatter: | |
|---|---|
| Format: | Bog |
| Sprog: | spansk |
| Udgivet: |
Santiago
Balcells & Co
1925
|
| Udgivelse: | 1a. ed |
| Fag: | |
| Online adgang: | portada |
| Tags: |
Tilføj Tag
Ingen Tags, Vær først til at tagge denne postø!
|
MARC
| LEADER | 00000nam a2200000 a 4500 | ||
|---|---|---|---|
| 001 | UCJ3505 | ||
| 003 | CL-VaPUC | ||
| 008 | 070124e19250000CL |||||||||||||||||spa|d | ||
| 082 | 0 | 4 | |a 983 |b TEL |2 21 |
| 100 | 0 | |a Téllez Cárcamo, Indalicio |e author |9 494027 | |
| 245 | 1 | 0 | |a Historia de Chile: Historia militar 1520, 1883 |
| 250 | |a 1a. ed | ||
| 300 | |a 2 v | ||
| 942 | |c BK | ||
| 945 | |d 20070124 00:00:00 |a rinostro | ||
| 260 | |a Santiago |b Balcells & Co |c 1925 | ||
| 650 | 0 | |a Guerra de Arauco |9 267618 | |
| 650 | 0 | |a Guerra de la independencia |9 331979 | |
| 650 | 0 | |a Guerra del Pacífico |9 314886 | |
| 650 | 0 | |a Militares |9 336881 | |
| 650 | 0 | |a Ejército de Chile |9 317781 | |
| 650 | 7 | |a GUERRA CIVIL DE 1891 |2 CL-VaPUC |9 408173 | |
| 650 | 0 | |a Operaciones militares |9 372045 | |
| 856 | 7 | |f UCJ3505_01.jpg |u http://opac.pucv.cl/pucv_img/Img-3500/UCJ3505_01.jpg |q JEPG |2 file |z portada | |
| 583 | |a last modification |c 20070124 00:00:00 |k Rodrigo Vera | ||
| 999 | |c 319627 |d 319625 | ||
| 952 | |0 0 |1 0 |4 0 |6 983_000000000000000_TEL_1925 |7 0 |8 X |9 397982 |a FDOBUD |b FDOBUD |d 2019-11-22 |h v.1 |i 1004808 |o 983 TEL 1925 |p 1004808 |r 2019-11-22 |w 2019-11-22 |y BK_X |k BUD | ||
| 952 | |0 0 |1 0 |4 0 |6 983_000000000000000_TEL_1925 |7 0 |8 X |9 397983 |a FDOBUD |b FDOBUD |d 2019-11-22 |h v.2 |i 1004816 |o 983 TEL 1925 |p 1004816 |r 2019-11-22 |w 2019-11-22 |y BK_X |k BUD | ||